KOHA-Header-6

Therapeutic feedback with the MMPI-2 : (Record no. 12595)

000 -LEADER
fixed length control field 01898cam a2200373 a 4500
001 - CONTROL NUMBER
control field 16512599
003 - CONTROL NUMBER IDENTIFIER
control field MAJU-Karachi
005 - DATE AND TIME OF LATEST TRANSACTION
control field 20201003141741.0
008 - FIXED-LENGTH DATA ELEMENTS--GENERAL INFORMATION
fixed length control field 101021s2011 nyu b 001 0 eng
010 ## - LIBRARY OF CONGRESS CONTROL NUMBER
LC control number 2010043257
020 ## - INTERNATIONAL STANDARD BOOK NUMBER
International Standard Book Number 9780415884914 (pbk.)
040 ## - CATALOGING SOURCE
Original cataloging agency DLC
Transcribing agency DLC
Modifying agency DLC
042 ## - AUTHENTICATION CODE
Authentication code pcc
050 00 - LIBRARY OF CONGRESS CALL NUMBER
Classification number RC473.M5
Item number L494 2011
082 00 - DEWEY DECIMAL CLASSIFICATION NUMBER
Classification number 616.89/14
Edition number 22
084 ## - OTHER CLASSIFICATION NUMBER
Classification number PSY036000
-- PSY042000
Source of number bisacsh
100 1# - MAIN ENTRY--PERSONAL NAME
Personal name Levak, Richard.
245 10 - TITLE STATEMENT
Title Therapeutic feedback with the MMPI-2 :
Remainder of title a positive psychology approach /
Statement of responsibility, etc Richard W. Levak (also known as Richard Lewak), Liza Siegel, and David S. Nichols; with Ronald A. Stolberg.
260 ## - PUBLICATION, DISTRIBUTION, ETC. (IMPRINT)
Place of publication, distribution, etc New York :
Name of publisher, distributor, etc Routledge, Taylor & Francis Group,
Date of publication, distribution, etc 2011.
300 ## - PHYSICAL DESCRIPTION
Extent xxi, 389 p. ;
Dimensions 28 cm.
504 ## - BIBLIOGRAPHY, ETC. NOTE
Bibliography, etc Includes bibliographical references (p. 365-381) and index.
520 ## - SUMMARY, ETC.
Summary, etc "Positive Personality Assessment with the MMPI-2 provides the clinician empirically based, practical information about how to convey the abundance of information in the MMPI-2 profile in a way that is collaborative, empathic, hopeful, and facilitates a therapeutic alliance. The larger trim size also reflects the size of the MMPI-2 interpretive reports and makes it easy for clinicians to copy pages of the book to share with their clients"--
650 #0 - SUBJECT ADDED ENTRY--TOPICAL TERM
Topical term or geographic name as entry element Minnesota Multiphasic Personality Inventory.
650 #0 - SUBJECT ADDED ENTRY--TOPICAL TERM
Topical term or geographic name as entry element Psychotherapist and patient.
650 #0 - SUBJECT ADDED ENTRY--TOPICAL TERM
Topical term or geographic name as entry element Feedback (Psychology)
650 #7 - SUBJECT ADDED ENTRY--TOPICAL TERM
Topical term or geographic name as entry element PSYCHOLOGY / Mental Health
Source of heading or term bisacsh.
650 #7 - SUBJECT ADDED ENTRY--TOPICAL TERM
Topical term or geographic name as entry element PSYCHOLOGY / Assessment, Testing & Measurement
Source of heading or term bisacsh.
700 1# - ADDED ENTRY--PERSONAL NAME
Personal name Siegel, Liza,
Dates associated with a name 1957-
700 1# - ADDED ENTRY--PERSONAL NAME
Personal name Nichols, David S.
700 1# - ADDED ENTRY--PERSONAL NAME
Personal name Stolberg, Ron.
906 ## - LOCAL DATA ELEMENT F, LDF (RLIN)
a 7
b cbc
c orignew
d 1
e ecip
f 20
g y-gencatlg
942 ## - ADDED ENTRY ELEMENTS (KOHA)
Source of classification or shelving scheme
Koha item type Psychology
Holdings
Withdrawn status Lost status Source of classification or shelving scheme Damaged status Not for loan Collection code Permanent Location Current Location Shelving location Date acquired Full call number Barcode Date last seen Price effective from Koha item type
          Psychology MAJU MAJU Shelf No.B35 2020-10-03 616.89/14 9728 2020-10-03 2020-10-03 Psychology

Powered by Koha